00741nam a2200205 a 450000100100000000500170001000800410002702000150006804000130008308200150009610000270011124500980013826000730023630000270030949000220033650000410035804900090039995201120040899900150052000000558420200929151722.0090820s1991 sp a 001 spa d a8400071409 aDO-SdBNP axxxbA553c1 aAndrade, Carmen91577110aCorrosión y protección metálicas / :bcoordinadores; Carmen Andrade, Sebastián Feliu. aMadrid, :bConsejo Superior de Investigaciones Científicas,c1991. a237 p. :bil ;c24 cm.1 aNuevas tendencias aIncluye referencias bibliográficas aBNPD 001050718MOaGRbGRcCTd2009-08-20iLF1l0oxxx A553cp5584-10r2020-06-25w2020-06-25y1ZNo se presta c5383d5383